000 00588nam a2200193Ia 4500
005 20260429112142.0
008 260429s9999||||xx |||||||||||||| ||und||
020 _a9780357764565
041 _aEnglish
082 _a616.8915
_bGEH
100 _aGehart, Diane R.
245 0 _aMastering competencies in family therapy :
_ba practical approach to theories and clinical case documentation /
_cDiane R. Gehart
250 _a4th ed.
260 _aAustralia :
_bCengage,
_c2024.
300 _axxviii, 740 p.; pbk
650 _a Clinical case
650 _aTherapy, Family
942 _cTB
999 _c52620
_d52620